Größte Städte Rheinland-Pfalz - Statistiken

Allgemein
  • Dieses Quiz wurde 60 mal gespielt
  • Das Durchschnittsergebnis liegt bei 8 aus 10
Antwortstatistiken
Einwohner Antwort % Korrekt
227.000 Mainz
100%
113.000 Trier
100%
115.000 Koblenz
98%
104.000 Kaiserslautern
94%
177.000 Ludwigshafen am Rhein
92%
87.000 Worms
80%
50.000 Speyer
73%
54.000 Neustadt an der Weinstraße
61%
68.000 Neuwied
55%
57.000 Bad Kreuznach
53%
Keine übereinstimmenden Quizze gefunden
Verteilung der Resultate
Anzahl Personen mit jedem Resultat
Perzentil nach korrekt beantworteten Fragen
Ihre Resultats-Entwicklung
Sie haben dieses Quiz noch nicht gespielt